[Event "Omis op"]
[Site "Omis"]
[Date "2004.10.08"]
[Round "3"]
[White "Videkovic, Marina"]
[Black "Barbaric Vuk, Tadija"]
[Result "0-1"]
[WhiteElo "1981"]
[BlackElo "2146"]
[PlyCount "70"]
[EventDate "2004.10.06"]
[EventType "swiss"]
[EventRounds "7"]
[EventCountry "CRO"]
[SourceTitle "CBM 102 Extra"]
[Source "ChessBase"]
[SourceDate "2004.11.03"]
[SourceVersion "1"]
[SourceVersionDate "2004.11.03"]
[SourceQuality "1"]

1. d4 Nf6 2. c4 g6 3. Nc3 d5 4. Nf3 Bg7 5. e3 0-0 6. cxd5 Nxd5 7. Bc4 Nb6 8. Bb3 Nc6 9. 0-0 e5 10. d5 Na5 11. Bc2 c6 12. dxc6 Nxc6 13. h3 Qe7 14. e4 Rd8 15. Qe2 Be6 16. Rd1 Nd4 17. Nxd4 exd4 18. Nb1 Rac8 19. Bd3 Bxh3 20. Bf4 Be6 21. Nd2 Na4 22. Nb3 Nc5 23. Nxc5 Rxc5 24. Rdc1 Rdc8 25. Qd2 Bc4 26. Rxc4 Rxc4 27. Bxc4 Rxc4 28. Rc1 b5 29. Qa5 h5 30. Rxc4 bxc4 31. Qd5 c3 32. bxc3 dxc3 33. Qd3 Qe6 34. Qc2 Qc4 35. Be3 a5 0-1

[Event "Omis op"]
[Site "Omis"]
[Date "2004.10.06"]
[Round "1"]
[White "Videkovic, Marina"]
[Black "Zufic, Miroslav"]
[Result "0-1"]
[WhiteElo "1981"]
[BlackElo "2370"]
[PlyCount "60"]
[EventDate "2004.10.06"]
[EventType "swiss"]
[EventRounds "7"]
[EventCountry "CRO"]
[SourceTitle "CBM 102 Extra"]
[Source "ChessBase"]
[SourceDate "2004.11.03"]
[SourceVersion "1"]
[SourceVersionDate "2004.11.03"]
[SourceQuality "1"]

1. d4 Nf6 2. c4 g6 3. Nc3 Bg7 4. e4 d6 5. Nf3 0-0 6. Be2 Na6 7. 0-0 e5 8. d5 Nc5 9. Nd2 a5 10. h3 Bd7 11. Qc2 c6 12. Nb3 Na6 13. a3 a4 14. Nd2 Nc5 15. b4 axb3 16. Nxb3 Na6 17. Be3 Qc7 18. Rfc1 Ne8 19. c5 f5 20. dxc6 bxc6 21. cxd6 Nxd6 22. Nd5 cxd5 23. Qxc7 Nxc7 24. Rxc7 Ba4 25. Nc5 Nxe4 26. Nxa4 Rxa4 27. Bb5 Ra5 28. a4 d4 29. Bc1 Rb8 30. Bc4+ Kh8 0-1